LEADER 00747nam a2200169 i 4500 001 000000207663 003 CaOOAMICUS 005 20111103000000.0 008 111103s1842 it u000 u ita u 013 $a186446 040 $aSeMil$bita 245 10$aTomo 7. 300 $a273 p. 773 0 $tLettere di vari illustri italiani del secolo 18. e 19. a' loro amici, e de' massimi scienziati e letterati nazionali e stranieri al celebre abate Lazzaro Spallanzani e molte sue risposte ai medesimi, ora per la prima volta pubblicate.$dReggio : Coi tipi Torreggiani e C., 1841-1843.$g7$w()25704 850 $aSeMil 852 $aSeMil$W1$xVenegono$y1$m1S II 27 FA$j158122$B158122$CSeMilBibl$Z2$F169358 $8I 996 $6245$aTomo 7$9(OLS)http://semarc/title/194411 LEADER 01085nam a2200253 i 4500 001 000000113968 003 CaOOAMICUS 005 20030408000000.0 008 030408s1977 it u000 u ita u 013 $a86654 040 $aSeMil$bita 240 00$aBibbia. Nuovo Testamento. Lettera ai Romani.$0(OLS)http://semarc/title/17340 245 10$aLettera di San Paolo ai Romani. 250 $aEd. fuori commercio. 260 $aRoma :$b[s.n.],$c1977. 300 $aVIII, 51 p. ;$c36 cm. 500 $aContiene : Commento alla Lettera di vari Autori. - Stampata in 150 esemplari : esemplare n. 30. - Fondo Card. C.M. Martini. 650 4$aBibbia. Nuovo Testamento. Lettera ai Romani - Commentari, studi, critica, interpretazioni.$0(OLS)http://semarc/subject/31 850 $aSeMil 852 $aSeMil$W1$xVenegono$y1$m2.SOVR V 14$j262553$B69612$CSeMilBibl$Z2$F83136 $81 941 1 $a4 961 $aOmaggio: Martini Card. Carlo Maria 996 $6245$aLettera di San Paolo ai Romani$9(OLS)http://semarc/title/166524 996 $6260$aRoma :$b[s.n.]$9(OLS)http://semarc/publisher/29738